| 000 | 01319nam a2200349Ia 4500 | ||
|---|---|---|---|
| 001 | 119803 | ||
| 003 | 209348 | ||
| 005 | 20250218114815.0 | ||
| 008 | ||||||n9999 ||| || || | ||
| 082 | _a305.42 | ||
| 100 |
_aPaláez Mejía, Margarita María _9144137 |
||
| 245 | 0 | _aLa política de genero en el Estado Colombiano | |
| 505 | _aMarco Metodológico de la Investigación. -- Antecedentes históricos Internacionales de lasPolíticas de Género. -- Etapas de la Consejería para la Mujer en Antioquia. -- Dificultades y avances en la institucionalización de las Políticas Públicas con Perspectiva de Género: la experiencia del departamento de Antioquia. -- La Institucionalización de Políticas: Una mirada desde dentro. | ||
| 562 | _e18 | ||
| 650 | 0 |
_aCondición de la mujer _92943 |
|
| 650 | 0 |
_aCondición de la mujer _92943 |
|
| 650 |
_aCONSEJERIA PARA LA MUJER EN ANTIOQUIA _9144138 |
||
| 650 | 0 |
_aMujeres _92580 |
|
| 650 | 0 |
_aMujeres en la política _971877 |
|
| 650 |
_aMUJERES--CONDICIONES SOCIALES _92949 |
||
| 650 |
_aMUJERES--CONDICIONES SOCIALES _92949 |
||
| 942 | _cBKM | ||
| 999 |
_c119803 _d119803 |
||
| 526 | _a116204 | ||
| 526 | _a4969 | ||
| 526 | _a19790 | ||
| 526 | _a104436 | ||
| 526 | _a51868 | ||
| 526 | _a3899 | ||
| 526 | _a9683 | ||
| 526 | _a1697 | ||